000
002280000a22000970004500
100
1
_a
Neira, Armando
245
1
0
_a
Los hijos de la ciencia
300
_a
Vol. 21, Núm 21 (1993), Páginas 42-43
773
0
_t
Cambio 16
942
_c
ANA
999
_c
58342
_d
58342